| 000 | 00000nam 2200000zi 4500 |
| 001 | 9.938893 |
| 003 | CaOODSP |
| 005 | 20240719135306 |
| 006 | m o d f |
| 007 | cr |n||||||||| |
| 008 | 240531e202406##onc ob f00| 0 fre d |
| 020 | |a9780660721798 |
| 040 | |aCaOODSP|bfre|erda|cCaOODSP |
| 043 | |an-cn--- |
| 086 | 1 |aFs70-5/2024-044F-PDF |
| 100 | 1 |aDugan, S. |q(Stephen)|eauteur. |
| 245 | 10|aÉvaluation du risque indirect pour l’environnement et des risques indirects pour la santé humaine posés par les tétras rayon-X (Pristella maxillaris) GloFish Electric Green (GPM2021), GloFish Starfire Red (RPM2022), GloFish Sunburst Orange (OPM2021) et GloFish Galactic Purple (PPM2021) : |bdes poissons d'ornement transgéniques / |cStephen Dugan, Kassim Ali et Zerihun Demissie. |
| 264 | 1|aOttawa (Ontario) : |bSecrétariat canadien de consultation scientifique (SCCS), |cjuin 2024. |
| 264 | 4|c©2024 |
| 300 | |a1 ressource en ligne (iv, 22 pages). |
| 336 | |atexte|btxt|2rdacontent/fre |
| 337 | |ainformatique|bc|2rdamedia/fre |
| 338 | |aressource en ligne|bcr|2rdacarrier/fre |
| 490 | 1 |aDocument de recherche, |x2292-4272 ; |v2024/044 |
| 500 | |aPublié aussi en anglais sous le titre : Indirect human health risk assessment of the GloFish Electric Green (GPM2021), GloFish Starfire Red (RPM2022), GloFish Sunburst Orange (OPM2021), and the GloFish Galactic Purple (PPM2021) Pristella Tetras (Pristella maxillaris): transgenic ornamental fishes. |
| 500 | |aUn symbole de marque de commerce paraît après les mots GloFish, Electric Green, Starfire Red, Sunburst Orange, et Galactic Purple dans le titre. |
| 504 | |aComprend des références bibliographiques. |
| 650 | 6|aPoissons transgéniques|xAspect de l'environnement|zCanada. |
| 650 | 6|aPoissons transgéniques|xAspect sanitaire|zCanada. |
| 650 | 6|aPoissons transgéniques|xÉvaluation du risque|zCanada. |
| 710 | 2 |aSecrétariat canadien de consultation scientifique, |eorganisme de publication. |
| 710 | 1 |aCanada. |bMinistère des pêches et des océans. |bRégion de la capitale nationale, |eorganisme de publication. |
| 775 | 08|tIndirect human health risk assessment of the GloFish Electric Green (GPM2021), GloFish Starfire Red (RPM2022), GloFish Sunburst Orange (OPM2021), and the GloFish Galactic Purple (PPM2021) Pristella Tetras (Pristella maxillaris) : |w(CaOODSP)9.938892 |
| 830 | #0|aDocument de recherche (Secrétariat canadien de consultation scientifique)|v2024/044.|w(CaOODSP)9.503788 |
| 856 | 40|qPDF|s565 Ko|uhttps://publications.gc.ca/collections/collection_2024/mpo-dfo/fs70-5/Fs70-5-2024-044-fra.pdf |